Story Telling Questioning and Studying: Three School Arts (Record no. 3868)

MARC details
000 -LEADER
fixed length control field 00502nam a2200181Ia 4500
003 - CONTROL NUMBER IDENTIFIER
control field OSt
005 - DATE AND TIME OF LATEST TRANSACTION
control field 20220201124057.0
008 - FIXED-LENGTH DATA ELEMENTS--GENERAL INFORMATION
fixed length control field 211109s9999||||xx |||||||||||||| ||und||
040 ## - CATALOGING SOURCE
Transcribing agency sbcl
082 ## - DEWEY DECIMAL CLASSIFICATION NUMBER
Classification number 372.677
Item number HOR-S
100 ## - MAIN ENTRY--PERSONAL NAME
Personal name Horne, Herman Hassel
245 #0 - TITLE STATEMENT
Title Story Telling Questioning and Studying: Three School Arts
260 ## - PUBLICATION, DISTRIBUTION, ETC.
Name of publisher, distributor, etc. Un Known
Place of publication, distribution, etc. Delft
Date of publication, distribution, etc. 1919
300 ## - PHYSICAL DESCRIPTION
Extent 326p.
630 ## - SUBJECT ADDED ENTRY--UNIFORM TITLE
General subdivision General Stack
650 ## - SUBJECT ADDED ENTRY--TOPICAL TERM
Topical term or geographic name entry element ELEMENTARY EDUCATION
942 ## - ADDED ENTRY ELEMENTS (KOHA)
Koha item type BOOK
650 ## - SUBJECT ADDED ENTRY--TOPICAL TERM
General subdivision Education
Form subdivision Social Science
Source of heading or term Generalia
Holdings
Withdrawn status Lost status Damaged status Not for loan Home library Current library Date acquired Cost, normal purchase price Total Checkouts Full call number Barcode Shelving location Date last seen Price effective from Koha item type
        SB LIBRARY SB LIBRARY 09/11/2021 100.00   372.677 HOR-S 00004277 GENERAL STACK 09/11/2021 09/11/2021 BOOK

Powered by Koha